[Event "OP-2014-0-03529"]
[Site "LSS email"]
[Date "2014.10.18"]
[Round "?"]
[White "Lahti, Ovio"]
[Black "Firnhaber, Ingo"]
[Result "1/2-1/2"]
[WhiteElo "1527"]
[BlackElo "2414"]
[PlyCount "103"]
[EventDate "2014.10.14"]
[EventType "tourn (corr)"]
[EventRounds "4"]
[EventCountry "GER"]
[SourceTitle "Corr 2015"]
[Source "ChessBase"]
[SourceDate "2015.07.17"]
[SourceVersion "1"]
[SourceVersionDate "2015.07.17"]
[SourceQuality "1"]

1. c4 Nf6 2. f4 e6 3. Nf3 d5 4. e3 Be7 5. Be2 0-0 6. b3 b6 7. 0-0 c5 8. Ne5 Bb7 9. Bb2 Nc6 10. Na3 Nd7 11. Nxc6 Bxc6 12. Bf3 Qc7 13. Rc1 Rad8 14. Qe2 Qb7 15. d3 Rfe8 16. Rfd1 Rc8 17. d4 cxd4 18. Rxd4 Bf6 19. Rdd1 Bxb2 20. Qxb2 Nf6 21. cxd5 Bxd5 22. Nb5 Qe7 23. Be2 a6 24. Nd4 Qb7 25. Rxc8 Rxc8 26. g3 b5 27. Rc1 h6 28. a3 Rc7 29. b4 Kf8 30. Rc5 Ne4 31. Rxc7 Qxc7 32. Bd3 Nf6 33. Be2 Bb7 34. Kf1 e5 35. Qc2 Qxc2 36. Nxc2 Ke7 37. fxe5 Nd7 38. Nd4 Nxe5 39. Nb3 Kd6 40. Ke1 Nd7 41. Bg4 Nf6 42. Be2 Bc8 43. Nc5 Nd7 44. Nxd7 Bxd7 45. Bf3 f6 46. Bb7 Kc7 47. Be4 Bc6 48. Bf5 Bb7 49. Kd2 Kd6 50. Kd3 Ke5 51. e4 Bc6 52. Ke3 1/2-1/2

[Event "OP-2013-0-02947"]
[Site "LSS email"]
[Date "2013.08.17"]
[Round "?"]
[White "Klawitter, Bernd"]
[Black "Lahti, Ovio"]
[Result "0-1"]
[WhiteElo "507"]
[BlackElo "1500"]
[PlyCount "58"]
[EventDate "2013.08.14"]
[EventType "tourn (corr)"]
[EventRounds "4"]
[EventCountry "GER"]
[SourceTitle "Corr 2015"]
[Source "ChessBase"]
[SourceDate "2015.07.17"]
[SourceVersion "1"]
[SourceVersionDate "2015.07.17"]
[SourceQuality "1"]

1. e4 c5 2. c3 Nf6 3. e5 Nd5 4. d4 cxd4 5. cxd4 d6 6. Bc4 Nb6 7. Be2 dxe5 8. dxe5 Qxd1+ 9. Bxd1 Nc6 10. Nf3 g6 11. 0-0 Bg7 12. Bb3 Bg4 13. Bf4 Bxf3 14. gxf3 Nxe5 15. Bxe5 Bxe5 16. Nc3 Bxc3 17. bxc3 e6 18. Rad1 Rc8 19. c4 Nxc4 20. Rc1 Nd6 21. Rxc8+ Nxc8 22. Ba4+ Ke7 23. Rc1 Nb6 24. Bb5 Rc8 25. Re1 Rc3 26. a4 a6 27. Bf1 Nxa4 28. Kg2 Ra3 29. Re3 Nc3 0-1

[Event "OP-2013-0-02947"]
[Site "LSS email"]
[Date "2013.08.17"]
[Round "?"]
[White "Tarasov, Grigory Aleksandrov"]
[Black "Lahti, Ovio"]
[Result "1/2-1/2"]
[WhiteElo "1994"]
[BlackElo "1500"]
[PlyCount "47"]
[EventDate "2013.08.14"]
[EventType "tourn (corr)"]
[EventRounds "4"]
[EventCountry "GER"]
[SourceTitle "Corr 2015"]
[Source "ChessBase"]
[SourceDate "2015.07.17"]
[SourceVersion "1"]
[SourceVersionDate "2015.07.17"]
[SourceQuality "1"]

1. c4 Nf6 2. Nc3 e5 3. Nf3 Nc6 4. g3 Nd4 5. Bg2 Nxf3+ 6. Bxf3 Bb4 7. Qb3 Bc5 8. 0-0 c6 9. Rd1 d6 10. e3 Qe7 11. d4 Bb6 12. a4 e4 13. Bg2 Bg4 14. Re1 0-0 15. a5 Bd8 16. h3 Bf5 17. Bd2 h5 18. d5 cxd5 19. Nxd5 Nxd5 20. cxd5 h4 21. Rec1 hxg3 22. fxg3 b6 23. Kh2 bxa5 24. Bxa5 1/2-1/2

[Event "RE-2013-0-00111"]
[Site "LSS email"]
[Date "2013.05.08"]
[Round "?"]
[White "Lahti, Ovio"]
[Black "Perez, Alberto F"]
[Result "1/2-1/2"]
[WhiteElo "1311"]
[BlackElo "1512"]
[PlyCount "143"]
[EventDate "2013.02.16"]
[EventType "tourn (corr)"]
[EventRounds "6"]
[EventCountry "GER"]
[SourceTitle "Telechess CBM 161"]
[Source "ChessBase"]
[SourceDate "2014.07.16"]
[SourceVersion "1"]
[SourceVersionDate "2014.07.16"]
[SourceQuality "1"]

1. e4 c5 2. Nf3 d6 3. c3 Nf6 4. Qc2 Qc7 5. h3 Nc6 6. d4 cxd4 7. cxd4 d5 8. e5 Ne4 9. a3 f5 10. exf6 gxf6 11. Nc3 Nxc3 12. bxc3 e5 13. dxe5 fxe5 14. Be3 Bd7 15. Rd1 Bxa3 16. Qb3 Be7 17. Rxd5 Be6 18. Bc4 Bxd5 19. Bxd5 0-0-0 20. 0-0 Na5 21. Qb5 a6 22. Be6+ Kb8 23. Qxe5 Bd6 24. Qe4 Qc6 25. Qg4 Bc7 26. Nd4 Qd6 27. f4 Qa3 28. Qf3 Qxc3 29. Nb5 Qc6 30. Nxc7 Qxf3 31. Nxa6+ bxa6 32. gxf3 Rhe8 33. Rb1+ Ka8 34. f5 Nc6 35. Bg5 Rb8 36. Rd1 Rxe6 37. fxe6 Rg8 38. h4 h6 39. f4 hxg5 40. hxg5 Rf8 41. Rf1 Nd4 42. Rd1 Nxe6 43. Rd6 Nc7 44. Rd4 Kb7 45. Kf2 Ne6 46. Rb4+ Kc6 47. Kg3 a5 48. Ra4 Kb5 49. Re4 Nc5 50. Re1 a4 51. Kg4 Nd3 52. Rb1+ Kc4 53. f5 a3 54. g6 Ne5+ 55. Kg5 Nf3+ 56. Kg4 Nd4 57. g7 Rg8 58. f6 Ne6 59. Rb7 Nxg7 60. Rxg7 a2 61. Rxg8 a1Q 62. f7 Qd4+ 63. Kf5 Qd5+ 64. Kf6 Qd6+ 65. Kf5 Qd7+ 66. Kf6 Qc6+ 67. Ke5 Qc5+ 68. Kf6 Qf2+ 69. Ke7 Qe3+ 70. Kf6 Qf4+ 71. Ke6 Qe4+ 72. Kf6 1/2-1/2

[Event "RE-2013-0-00111"]
[Site "LSS email"]
[Date "2013.05.05"]
[Round "?"]
[White "Cole, Steve"]
[Black "Lahti, Ovio"]
[Result "0-1"]
[WhiteElo "1203"]
[BlackElo "1311"]
[PlyCount "48"]
[EventDate "2013.02.16"]
[EventType "tourn (corr)"]
[EventRounds "6"]
[EventCountry "GER"]
[SourceTitle "Telechess CBM 161"]
[Source "ChessBase"]
[SourceDate "2014.07.16"]
[SourceVersion "1"]
[SourceVersionDate "2014.07.16"]
[SourceQuality "1"]

1. e4 c5 2. Nf3 d6 3. d4 cxd4 4. Nxd4 Nf6 5. Nc3 e5 6. Ndb5 a6 7. Na3 b5 8. Nab1 Nbd7 9. Bg5 Be7 10. Nd2 h6 11. Bxf6 Nxf6 12. Bd3 Bg4 13. f3 Be6 14. Qe2 Qb6 15. 0-0-0 0-0 16. g4 Rfc8 17. Kb1 Rxc3 18. bxc3 Nd7 19. h4 Nc5 20. g5 Na4 21. Qg2 Nxc3+ 22. Kb2 Qd4 23. Nb3 Bxb3 24. cxb3 Nxd1+ 0-1

[Event "ZL-2013-0-01262"]
[Site "LSS email"]
[Date "2013.02.21"]
[Round "?"]
[White "Fiser, Otakar"]
[Black "Lahti, Ovio"]
[Result "0-1"]
[WhiteElo "1343"]
[BlackElo "1200"]
[PlyCount "54"]
[EventDate "2013.02.15"]
[EventType "match (corr)"]
[EventRounds "2"]
[EventCountry "GER"]
[SourceTitle "Telechess CBM 159"]
[Source "ChessBase"]
[SourceDate "2014.03.17"]
[SourceVersion "1"]
[SourceVersionDate "2014.03.17"]
[SourceQuality "1"]

1. d4 d5 2. c4 e6 3. Nc3 Bb4 4. e3 Nf6 5. Nf3 Nc6 6. Bd2 a6 7. Bd3 h6 8. Ne5 Bd7 9. 0-0 0-0 10. Nxd5 exd5 11. Nxc6 Bxc6 12. Bxb4 Re8 13. Rc1 dxc4 14. Bxc4 Bd5 15. Qb3 a5 16. Ba3 b6 17. Bxd5 Nxd5 18. Rc6 Qd7 19. Rfc1 Re6 20. Rxe6 Qxe6 21. f4 Qe4 22. Rf1 Nxe3 23. Rf3 Qb1+ 24. Kf2 Qf1+ 25. Kxe3 Re8+ 26. Kd2 Qxg2+ 27. Kd1 Qh1+ 0-1

[Event "ZL-2013-0-01262"]
[Site "LSS email"]
[Date "2013.02.21"]
[Round "?"]
[White "Lahti, Ovio"]
[Black "Fiser, Otakar"]
[Result "1-0"]
[WhiteElo "1200"]
[BlackElo "1343"]
[PlyCount "81"]
[EventDate "2013.02.15"]
[EventType "match (corr)"]
[EventRounds "2"]
[EventCountry "GER"]
[SourceTitle "Telechess CBM 159"]
[Source "ChessBase"]
[SourceDate "2014.03.17"]
[SourceVersion "1"]
[SourceVersionDate "2014.03.17"]
[SourceQuality "1"]

1. e4 c5 2. Nf3 d6 3. c3 Nf6 4. d3 g6 5. Be2 Bg7 6. Be3 Qb6 7. Qc2 Ng4 8. Bd2 Nc6 9. h3 Nf6 10. Be3 d5 11. Nbd2 d4 12. Bf4 Nh5 13. Bh2 0-0 14. 0-0 f5 15. Rac1 fxe4 16. Nxe4 Nf4 17. Rce1 Ne5 18. Nxe5 Bxe5 19. Bg4 h6 20. Nd2 Bd6 21. Bxc8 Raxc8 22. Bxf4 Rxf4 23. Nc4 Qc6 24. Re6 Kg7 25. Qb3 Qd7 26. Rfe1 Rc7 27. cxd4 Rxd4 28. Nxd6 exd6 29. R1e3 Kh7 30. Rf6 Qg7 31. Ree6 Rf7 32. Rxg6 Qxg6 33. Rxg6 Kxg6 34. Qe6+ Kg7 35. h4 h5 36. Qe3 Rd5 37. f4 a6 38. Qe6 Rxd3 39. f5 Rd1+ 40. Kh2 Rf1 41. Qg6+ 1-0

[Event "RE-2012-0-00107"]
[Site "LSS email"]
[Date "2013.02.15"]
[Round "?"]
[White "Lahti, Ovio"]
[Black "Tittarelli, Adriano"]
[Result "1-0"]
[WhiteElo "1311"]
[BlackElo "1100"]
[PlyCount "105"]
[EventDate "2012.11.05"]
[EventType "tourn (corr)"]
[EventRounds "6"]
[EventCountry "GER"]
[SourceTitle "Telechess CBM 159"]
[Source "ChessBase"]
[SourceDate "2014.03.17"]
[SourceVersion "1"]
[SourceVersionDate "2014.03.17"]
[SourceQuality "1"]

1. e4 g6 2. Nf3 d6 3. d4 Bg4 4. Be2 Nd7 5. Nc3 Bg7 6. h3 Bxf3 7. Bxf3 e6 8. Be3 Ne7 9. 0-0 0-0 10. Rb1 f5 11. exf5 exf5 12. Bxb7 Rb8 13. Bd5+ Nxd5 14. Nxd5 Nf6 15. Nxf6+ Qxf6 16. c3 Qe6 17. b3 Rfe8 18. Re1 Qd7 19. Qc2 d5 20. c4 c6 21. cxd5 cxd5 22. a4 Rec8 23. Qd3 Qb7 24. Bf4 Ra8 25. Be5 Rc6 26. Bxg7 Qxg7 27. Re5 Qd7 28. Kh2 Rac8 29. Qb5 Rd6 30. Qxd7 Rxd7 31. g3 Kf7 32. Rbe1 Rc3 33. R5e3 Rdc7 34. Rxc3 Rxc3 35. Re3 Rc2 36. Kg2 Rb2 37. Rc3 Ke6 38. Rc6+ Kd7 39. Ra6 Rxb3 40. Rxa7+ Ke6 41. a5 Ra3 42. h4 h6 43. a6 f4 44. gxf4 g5 45. fxg5 hxg5 46. hxg5 Kf5 47. Ra8 Kxg5 48. a7 Kf4 49. Rf8+ Ke4 50. a8Q Rxa8 51. Rxa8 Kxd4 52. Re8 Kd3 53. f4 1-0